Tiểu từ điển Việt - Pháp = Petit dictionnaire Vietnamien - Francais

में बचाया:
ग्रंथसूची विवरण
मुख्य लेखक: Đào, Văn Tập
स्वरूप: पुस्तक
भाषा:Undetermined
प्रकाशित: Thành phố Hồ Chí Minh Nxb. Thành phố Hồ Chí Minh 1992
विषय:
टैग : टैग जोड़ें
कोई टैग नहीं, इस रिकॉर्ड को टैग करने वाले पहले व्यक्ति बनें!
Thư viện lưu trữ: Trung tâm Học liệu Trường Đại học Cần Thơ
LEADER 00674nam a2200217Ia 4500
001 CTU_28807
008 210402s9999 xx 000 0 und d
020 |c 9400 
082 |a 495.922341 
082 |b T123 
100 |a Đào, Văn Tập 
245 0 |a Tiểu từ điển Việt - Pháp = 
245 0 |b Petit dictionnaire Vietnamien - Francais 
245 0 |c Đào Văn Tập 
260 |a Thành phố Hồ Chí Minh 
260 |b Nxb. Thành phố Hồ Chí Minh 
260 |c 1992 
650 |a Vietnamese language 
650 |x Dictionaries,French 
904 |i Minh, 990305 
980 |a Trung tâm Học liệu Trường Đại học Cần Thơ